000 00620nam a2200193 i 4500
001 149924
003 ES-MaACL
005 20230906203319.0
007 t|
008 071025s1908 fr ||||1| fre d
100 1 _aVallaux, Camille.
_9112743
245 1 0 _aGeographie sociale
_b: le sol et l'etat /
_cCamille Vallaux.
260 _aParis :
_b[s.n.],
_c1908 (
_fImp. Réunies)
300 _a420 p. ;
_c18 cm.
490 1 _aEncyclopedie scientifique. Bibliothèque de sociologie
830 0 _aEncyclopedie scientifique. Bibliothèque de sociologie
_9187573
852 _aES-MaACL
_jD-4346
999 _c149924
_d149924